000 00810nab a2200241u 4500
001 09315
003 HDC
007 c| |||a|c|aaaa
008 210131b20140918my ||||| |||| 00| 0 may d
040 _aHDC
100 _aSyarifah Dayana Syed Bakri /
_eauthor
_97667
245 0 _aGREAT buka peluang /
_cSyarifah Dayana Syed Bakri
336 _atext
_2rdacontent
337 _acomputer
_2rdamedia
338 _aonline resource
_2rdacarrier
650 _aGabungan Rakan Entrepreneur Aspirasi Terhebat (GREAT)
_98192
650 _aGREAT 2014
_99649
710 _aHarian Metro
856 _zRequest full-text at [email protected]
942 _2lcc
942 _cNEWS
942 _kNWSC 001591
999 _c6638
_d6638